[Event "World Women's Team Pool B"]
[Site "Linares ESP"]
[Date "2025.11.20"]
[Round "5.22"]
[White "Velpula, Sarayu"]
[Black "Omonova, Umida"]
[Result "1/2-1/2"]
[WhiteTitle "WIM"]
[BlackTitle "WIM"]
[WhiteElo "2292"]
[BlackElo "2289"]
[WhiteTeam "India"]
[BlackTeam "Uzbekistan"]
[WhiteFideId "45075204"]
[BlackFideId "14210363"]
[EventDate "2025.11.18"]

1. e4 c5 2. Nf3 e6 3. d4 cxd4 4. Nxd4 Nf6 5. Nc3 Nc6 6. Be2 Bb4 7. O-O O-O 8.
Nxc6 dxc6 9. e5 Nd5 10. Ne4 f5 11. exf6 Nxf6 12. Qxd8 Rxd8 13. Bg5 Kf7 14. Bd3
Be7 15. Rfe1 h6 16. Nxf6 Bxf6 17. Bxf6 gxf6 18. f4 Rd4 19. g3 Bd7 20. Rad1 Ke7
21. Re3 c5 22. Rde1 Kf7 23. c3 Rd6 24. Be4 Rd8 25. b3 b6 26. R1e2 Bc8 27. c4 f5
28. Bf3 Kf6 29. Kf2 Rd1 30. Re1 R1d4 31. R1e2 a6 32. Re5 R8d6 33. Bg2 Bd7 34.
Bf3 Bc8 35. Bg2 Rd1 36. Bf3 R1d4 37. Bg2 Bd7 38. Bf3 a5 39. a4 Bc8 40. h3 Bd7
41. R5e3 Bc8 42. Re5 Bd7 43. R5e3 1/2-1/2

[Event "World Women's Team Pool B"]
[Site "Linares ESP"]
[Date "2025.11.20"]
[Round "5.23"]
[White "Karimova, Guldona"]
[Black "Savitha, Shri B"]
[Result "1/2-1/2"]
[WhiteTitle "WIM"]
[BlackTitle "IM"]
[WhiteElo "2286"]
[BlackElo "2319"]
[WhiteTeam "Uzbekistan"]
[BlackTeam "India"]
[WhiteFideId "14210410"]
[BlackFideId "35061887"]
[EventDate "2025.11.18"]

1. e4 c5 2. Nf3 e6 3. d4 cxd4 4. Nxd4 Nf6 5. Nc3 Nc6 6. a3 Be7 7. Be2 d6 8. Be3
O-O 9. Qd3 a6 10. f4 e5 11. Nxc6 bxc6 12. fxe5 dxe5 13. Qxd8 Rxd8 14. Bd3 Be6
15. Na4 Nd7 16. b4 Rdb8 17. O-O a5 18. c3 Bb3 19. Nb2 c5 20. b5 a4 21. c4 Nb6
22. Rac1 Rd8 23. Rc3 Ra7 24. Bc2 Bxc2 25. Rxc2 Rad7 26. Rff2 h6 27. Rf5 f6 28.
Rff2 Kf7 29. Rfd2 h5 30. Rxd7 Rxd7 31. Rd2 Rc7 32. Rd3 g6 33. Bd2 Ra7 34. Kf2 f5
35. Kf3 Ke6 36. Bc3 Bd6 37. g3 Ra8 38. h3 Be7 39. Rd1 Bd6 40. Re1 Ra7 41. Re3
Kf6 42. Re2 Ra8 43. Re1 Ra7 44. Rh1 Ke6 45. Ke3 Be7 46. Rd1 Bd6 47. Kf3 Ra8 48.
Re1 Kf6 49. g4 hxg4+ 50. hxg4 Rh8 51. Kg2 f4 52. Rd1 Ke6 53. Ba5 Nd7 54. Be1 Nf6
55. b6 Nxg4 56. Rd2 Ne3+ 57. Kf3 Rb8 58. Nxa4 Nxc4 59. Rc2 Nxa3 60. Nxc5+ Kf7
61. Rc3 Nb5 62. Rc4 Nd4+ 63. Kg4 Rxb6 64. Nd3 Rb3 65. Nxf4 Nf3 66. Rc3 Nh2+ 67.
Kh3 Rxc3+ 68. Bxc3 exf4 69. Kxh2 f3+ 70. Kh3 Bc5 71. Be5 Ke6 72. Bf4 Bd4 73. Kg3
f2 74. Kg2 Bc5 75. Bg3 Bd4 76. Bxf2 Bxf2 77. Kxf2 Ke5 78. Ke3 g5 79. Kf3 g4+ 80.
Kxg4 Kxe4 1/2-1/2

[Event "World Women's Team Pool B"]
[Site "Linares ESP"]
[Date "2025.11.20"]
[Round "5.24"]
[White "Srija, Seshadri"]
[Black "Khalilova, Madinabonu"]
[Result "1-0"]
[WhiteTitle "WGM"]
[BlackTitle "WCM"]
[WhiteElo "2285"]
[BlackElo "2228"]
[WhiteTeam "India"]
[BlackTeam "Uzbekistan"]
[WhiteFideId "5055903"]
[BlackFideId "14223422"]
[EventDate "2025.11.18"]

1. e4 c5 2. Nf3 Nc6 3. Nc3 g6 4. d4 cxd4 5. Nxd4 Bg7 6. Be3 d6 7. Qd2 Nf6 8. f3
O-O 9. Bc4 Bd7 10. g4 Ne5 11. Bb3 Rc8 12. h4 h5 13. g5 Ne8 14. O-O-O Nc4 15. Qd3
Nxe3 16. Qxe3 Nc7 17. f4 e6 18. Rhf1 Qe7 19. Qd3 Bxd4 20. Qxd4 Nb5 21. Nxb5 Bxb5
22. Rf2 Rc5 23. f5 e5 24. Qxd6 Qxd6 25. Rxd6 gxf5 26. Rxf5 Kg7 27. Rdf6 Bc6 28.
Rxf7+ Rxf7 29. Rxf7+ Kg6 30. Rc7 a5 31. Be6 1-0